Priznaj, že ma miluješ
Saved in:
| Main Author | |
|---|---|
| Format | Electronic eBook |
| Language | Czech |
| Published |
Cosmopolis SK
2026
|
| Edition | 1. elektronické vydání |
| Subjects | |
| Online Access | Dostupné v BOOKPORT po přihlášení pomocí eduID |
| ISBN | 978-80-8305-305-2 978-80-8305-303-8 |
| Physical Description | 1 online zdroj (352 stran) |
Cover
| LEADER | 00000nam a2200000 i 4500 | ||
|---|---|---|---|
| 001 | bkp100380 | ||
| 003 | CZ-prgp | ||
| 005 | 20260414105338.0 | ||
| 006 | m o d | ||
| 007 | cr cn | ||
| 008 | 260414s2026 xr o 000 1 cze | ||
| 020 | |a 978-80-8305-305-2 |c 17 Kč |q (online ; epub) | ||
| 020 | |a 978-80-8305-303-8 |c 20 Kč |q (print) | ||
| 040 | |a Grada |b cze |e rda | ||
| 100 | 1 | |a Caplin, Julie | |
| 245 | 1 | 0 | |a Priznaj, že ma miluješ |c Julie Caplin |
| 250 | |a 1. elektronické vydání | ||
| 264 | 1 | |b Cosmopolis SK |c 2026 | |
| 300 | |a 1 online zdroj (352 stran) | ||
| 336 | |a text |b txt |2 rdacontent | ||
| 337 | |a počítač |b c |2 rdamedia | ||
| 338 | |a online zdroj |b cr |2 rdacarrier | ||
| 520 | 3 | |a Pri šálke voňavého anglického čaju a maslových koláčikoch sa začítajte do úplne prvého príbehu, ktorý Julie Caplinová pred rokmi napísala pre svojich čitateľov. Čaká na vás príbeh z očarujúceho Londýna, v ktorom vám hlavná hrdinka prezradí, či priateľstvo naozaj môže prerásť do pravej lásky. | |
| 650 | 0 | 4 | |a Romantika, romány pro ženy |
| 650 | 0 | 4 | |a Milostné romány |
| 856 | 4 | 0 | |u https://www.bookport.cz/AccountSaml/SignIn/?idp=https://shibboleth.utb.cz/idp/shibboleth&returnUrl=/kniha/priznaj-ze-ma-milujes-15990/ |y Dostupné v BOOKPORT po přihlášení pomocí eduID |